|
|
|
|
| LEADER |
00635cam a2200181ua 4500 |
| 020 |
|
|
|a 81-85304-36-X
|
| 082 |
|
|
|a 624.029 9
|b CHA/E
|
| 100 |
0 |
|
|a Chakraborti, M
|
| 245 |
1 |
0 |
|a Estimating, costing, specification and valuation in civil engineering: principles and applications ( Includes computer estimation) /
|
| 250 |
|
|
|a 20th.
|
| 260 |
|
|
|a Kolkata
|b M.Chakraborti
|c 2007
|
| 300 |
|
|
|a viii,856p.
|
| 500 |
|
|
|a Includes index.
|
| 650 |
|
|
|a Engineering
|
| 650 |
0 |
|
|a Civil Engineering
|
| 942 |
|
|
|c BK
|
| 999 |
|
|
|c 18245
|d 18245
|
| 952 |
|
|
|0 0
|1 0
|4 0
|6 624_029000000000000_9_CHAE
|7 0
|9 19048
|a KUCL
|b KUCL
|d 2014-05-23
|l 0
|o 624.029 9 CHA/E
|p 19729
|r 2014-05-23
|y BK
|